<?xml version="1.0" encoding="UTF-8"?>
<record
    xmlns:xsi="http://www.w3.org/2001/XMLSchema-instance"
    xsi:schemaLocation="http://www.loc.gov/MARC21/slim http://www.loc.gov/standards/marcxml/schema/MARC21slim.xsd"
    xmlns="http://www.loc.gov/MARC21/slim">

  <leader>00737nam a22001937a 4500</leader>
  <datafield tag="999" ind1=" " ind2=" ">
    <subfield code="c">177803</subfield>
    <subfield code="d">177803</subfield>
  </datafield>
  <controlfield tag="005">20210304154244.0</controlfield>
  <datafield tag="010" ind1=" " ind2=" ">
    <subfield code="a">ENG-129144</subfield>
  </datafield>
  <datafield tag="020" ind1=" " ind2=" ">
    <subfield code="a">978-93-89137-60-6</subfield>
    <subfield code="c">280.00</subfield>
  </datafield>
  <datafield tag="035" ind1=" " ind2=" ">
    <subfield code="a">EN-112676</subfield>
  </datafield>
  <datafield tag="037" ind1=" " ind2=" ">
    <subfield code="b">DBAD/PUB</subfield>
  </datafield>
  <datafield tag="082" ind1=" " ind2=" ">
    <subfield code="a">327.540598</subfield>
  </datafield>
  <datafield tag="100" ind1=" " ind2=" ">
    <subfield code="a">Das, Suranjan</subfield>
  </datafield>
  <datafield tag="245" ind1=" " ind2=" ">
    <subfield code="a">Then and Now: India's Relations with Indonesia:: A Historical review</subfield>
    <subfield code="c">Suranjan Das and Subhadeep Bhattacharya</subfield>
  </datafield>
  <datafield tag="260" ind1=" " ind2=" ">
    <subfield code="a">New Delhi</subfield>
    <subfield code="b">KW Publishers Pvt Ltd.</subfield>
    <subfield code="c">2020</subfield>
  </datafield>
  <datafield tag="270" ind1=" " ind2=" ">
    <subfield code="b">New Delhi</subfield>
    <subfield code="e">110002</subfield>
    <subfield code="a">4676/21, First Floor, Ansari Road, Darya Ganj</subfield>
    <subfield code="m">kw@kwpub.com</subfield>
    <subfield code="k">23263498, 43528107</subfield>
  </datafield>
  <datafield tag="300" ind1=" " ind2=" ">
    <subfield code="a">viii+94p.</subfield>
    <subfield code="c">23cm(pbk)</subfield>
    <subfield code="b">Including illustrations and tables.</subfield>
  </datafield>
  <datafield tag="700" ind1=" " ind2=" ">
    <subfield code="a">Bhattacharya, Subhadeep </subfield>
  </datafield>
  <datafield tag="942" ind1=" " ind2=" ">
    <subfield code="2">ddc</subfield>
    <subfield code="c">EN</subfield>
    <subfield code="h">327.540598</subfield>
    <subfield code="m">DAS</subfield>
  </datafield>
  <datafield tag="952" ind1=" " ind2=" ">
    <subfield code="0">0</subfield>
    <subfield code="1">0</subfield>
    <subfield code="4">0</subfield>
    <subfield code="7">0</subfield>
    <subfield code="8">NFIC</subfield>
    <subfield code="a">BN</subfield>
    <subfield code="b">BN</subfield>
    <subfield code="d">2021-03-04</subfield>
    <subfield code="e">DBAD/PUB</subfield>
    <subfield code="g">280.00</subfield>
    <subfield code="l">0</subfield>
    <subfield code="o">327.540598 DAS</subfield>
    <subfield code="p">EN-112676</subfield>
    <subfield code="r">2021-03-04 00:00:00</subfield>
    <subfield code="t">1</subfield>
    <subfield code="v">280.00</subfield>
    <subfield code="y">EN</subfield>
  </datafield>
</record>
